Movies Quiz

Random Movies or Play Quiz

Devoted Actors Quiz Stats

 Plays Quiz Updated Dec 5, 2016

Support Sporcle.
Go Orange.
Score 0/18 Timer 05:00
0 Plays Today
Extreme length Actor % Correct
Spent 8 hours a day in dance rehearsals Natalie Portman
91.8%
Ate bison liver despite being vegetarianLeonardo DiCaprio
91.7%
Locked himself away in a hotel room for 1 month Heath Ledger
86.5%
Worked 15 hours a day as a cab driverRobert De Niro
85.2%
Wore prosthetic eyelids to keep his eyes shut during filmingJamie Foxx
84.1%
Gained over 30 poundsCharlize Theron
78.3%
Refused surgery after damaging ligaments in his knee to keep a limpHarrison Ford
77.6%
Lost 60 pounds Christian Bale
75%
Learned how to speak German and Polish Meryl Streep
69.1%
Extreme length Actor % Correct
Did not leave his wheelchair during filming and needed to be spoon-fedDaniel Day-Lewis
66.4%
Worked at a British publishing company for three weeksRenée Zellweger
65.7%
Went out in public dressed as a manHilary Swank
64.4%
Read her children bedtime stories in a German accentKate Winslet
62.3%
Learned how to play the piano and gave up his apartmentAdrien Brody
61.5%
Became a FedEx driver to learn how to blend in to a crowdTom Cruise
61%
Got a number of real piercings all over her bodyRooney Mara
51.8%
Placed pieces of crushed glass inside his shoes in order to walk awkwardlyBilly Bob Thornton
51.1%
Didn't bathe for 4 months and got one of his teeth removedShia LaBeouf
21%

You're not logged in!

Compare scores with friends on all Sporcle quizzes.
OR
Log In

From the Vault

Grab Bag II

by Matt

Sporcle: Feel smart about a bunch of stuff all at once.
Remove Ads.
Support Sporcle.
Get the best of Sporcle when you Go Orange. This ad-free experience offers more features, more stats, and more fun while also helping to support Sporcle. Thank you for becoming a member.

Show Comments

Extras

Top Quizzes Today


Score Distribution

Your Account Isn't Verified!

In order to create a playlist on Sporcle, you need to verify the email address you used during registration. Go to your Sporcle Settings to finish the process.

Report this User

Report this user for behavior that violates our Community Guidelines.

Details: